La tercera edad /

Đã lưu trong:
Chi tiết về thư mục
Tác giả chính: Fargues, María (autor)
Định dạng: Sách
Ngôn ngữ:Tiếng Tây Ban Nha
Được phát hành: Bilbao, España : Mensajero, 1968, c1968
Các nhãn: Thêm thẻ
Không có thẻ, Là người đầu tiên thẻ bản ghi này!

MARC

LEADER 00000nam^a2200000^a^4500
001 000623838
005 20251107000000.0
009 20260310133945.943
037 |a Acervo Xavier Clavigero 
041 |a ESP 
091 |a FHG. 00571 
100 |a Fargues, María  |e (autor) 
245 1 3 |a La tercera edad / 
264 4 |a Bilbao, España :  |b Mensajero,  |c 1968, c1968 
300 |a 221 p. 
336 |a texto  |b txt  |2 rdacontenido 
337 |a sin mediación  |b n  |2 rdamedio 
338 |a volumen  |b nc  |2 rdasoporte 
649 |a XX 
910 |a Fondo Humberto García Bedoy S.J. 
920 |a Impresos - Libros 
930 |a Fondos Especiales 
905 |a 148 
901 |a 624307-10  |b IT2  |c ESP  |i D  |u 20251107 
902 |a https://opac.biblio.iteso.mx/vufind/Record/000623838